| 000 | 00652nam a2200217 a 4500 | ||
|---|---|---|---|
| 001 | 24205 | ||
| 003 | BD-RjUL | ||
| 005 | 20211209001024.0 | ||
| 008 | 140312s1951 enk 001 0 eng d | ||
| 035 | _a(BD-RjUL)24271 | ||
| 040 |
_aD2035 _beng _cD2035 _dNSL:S _dBD-RjUL |
||
| 041 | _aeng | ||
| 082 | 1 | 4 |
_a253.2092 _219 _bMAM 1951 |
| 100 | 1 |
_aMarshall, Catherine, _d1914- _974557 |
|
| 245 | 1 | 2 |
_aA man called Peter : _bthe story of Peter Marshall / _cby Catherine Marshall. |
| 260 |
_aLondon : _bPeter Davies, _c1951. |
||
| 300 |
_aviii, 354 p. ; _c21 cm. |
||
| 504 | _aIncludes index. | ||
| 600 | 1 | 0 |
_aMarshall, Peter, _d1902-1949. _974558 |
| 942 |
_2ddc _cBK |
||
| 999 |
_c24205 _d24205 |
||